Central Library OPAC University of Rajshahi

Great cities of the world : (Record no. 7377)

MARC details
000 -LEADER
fixed length control field 00718cam a2200241 a 4500
001 - CONTROL NUMBER
control field 7377
003 - CONTROL NUMBER IDENTIFIER
rucl marc code BD-RjUL
005 - DATE AND TIME OF LATEST TRANSACTION
control field 20211208234415.0
008 - FIXED-LENGTH DATA ELEMENTS--GENERAL INFORMATION
fixed length control field 14 t1957 enkab b 001 0 eng
035 ## - SYSTEM CONTROL NUMBER
System control number (BD-RjUL)7420
040 ## - CATALOGING SOURCE
Original cataloging agency DLC
Transcribing agency WSU
Modifying agency SER
-- UKM
-- EQO
-- BD-RjUL
Language of cataloging eng
041 ## - LANGUAGE CODE
Language code of text/sound track or separate title eng
082 00 - DEWEY DECIMAL CLASSIFICATION NUMBER
Classification number 323.352
Edition number 16
Author mark and year GRE 1957
245 10 - TITLE STATEMENT
Title Great cities of the world :
Remainder of title their government, politics and planning /
260 ## - PUBLICATION, DISTRIBUTION, ETC. (IMPRINT)
Place of publication, distribution, etc. London :
Name of publisher, distributor, etc. Allen and Unwin,
Date of publication, distribution, etc. 1957
300 ## - PHYSICAL DESCRIPTION
Pagination 814 p. :
Illustrations ill., maps ;
Size 24 cm.
504 ## - BIBLIOGRAPHY, ETC. NOTE
Bibliography, etc Includes Bibliographical reference and index.
650 #0 - SUBJECT ADDED ENTRY--TOPICAL TERM
Topical term or geographic name as entry element Cities and towns.
9 (RLIN) 23049
700 1# - ADDED ENTRY--PERSONAL NAME
Personal name Robson, William A.
942 ## - ADDED ENTRY ELEMENTS (KOHA)
Source of classification or shelving scheme Dewey Decimal Classification
Koha item type Books
Holdings
Lost status Source of classification or shelving scheme Damaged status Not for loan Collection code Permanent Location Current Location Shelving location Date acquired Source of acquisition Cost, normal purchase price Total Checkouts Full call number Date last seen Copy number Koha item type
  Dewey Decimal Classification   Not For Loan Non-fiction Central Library, University of Rajshahi Central Library, University of Rajshahi   26/08/1961 Mirza Book Agency 55.00   323.352 GRE 1957 13/01/2014 C-1 Books